000 00503nam a2200193Ia 4500
008 191130s2007##################000#0#eng##
020 _a9780007246649
040 _aACL
_cACL
082 _a613.23 COL
100 _aSanton, Kate
245 _aCalorie counting
_cKate Santon
260 _aLondon
_bCollins
_c2007
300 _a192 p. ; col ill
650 _aFood--Caloric content
650 _aLow-calorie diet
990 _a16ce9460ac10000c20df75ba395aa3ce
991 _a45711
999 _c122713
_d122713